El método de jornadas aplicado a la escuela primaria / (Record no. 38518)

MARC details
000 -CABECERA
campo de control de longitud fija 00688nam a2200217 a 4500
005 - FECHA Y HORA DE LA ÚLTIMA TRANSACCIÓN
campo de control 20230519063617.0
008 - ELEMENTOS DE LONGITUD FIJA--INFORMACIÓN GENERAL
campo de control de longitud fija 991125s1959 mx 000 0 spa u
035 ## - NÚMERO DE CONTROL DEL SISTEMA
Número de control de sistema UPN01000038518
049 ## - COLECCIÓN
Colección CG
050 #4 - SIGNATURA TOPOGRÁFICA DE LA BIBLIOTECA DEL CONGRESO
Número de clasificación LB1029 J6
Número de documento/Ítem A8.5 1959
100 1# - ASIENTO PRINCIPAL--NOMBRE PERSONAL
Nombre de persona Avila Garibay, José
9 (RLIN) 28865
245 13 - MENCIÓN DE TÍTULO
Título El método de jornadas aplicado a la escuela primaria /
Mención de responsabilidad, etc. José Avila Garibay.
250 ## - MENCIÓN DE EDICIÓN
Mención de edición 3a ed. renovada
260 ## - PUBLICACIÓN, DISTRIBUCIÓN, ETC.
Lugar de publicación, distribución, etc. México :
Nombre del editor, distribuidor, etc. [SEP?],
Fecha de publicación, distribución, etc. 1959.
300 ## - DESCRIPCIÓN FÍSICA
Extensión 79 p. :
Otras características físicas il. col.
440 #0 - MENCIÓN DE SERIE/ASIENTO SECUNDARIO--TÍTULO
Título Ensayos pedagógicos ;
Designación de volumen o secuencia 11
500 ## - NOTA GENERAL
Nota general Datos tomados de la cubierta
500 ## - NOTA GENERAL
Nota general También disponible en la Colección Medina
650 #4 - ASIENTO SECUNDARIO DE MATERIA - TERMINO TEMATICO
Término de materia o nombre geográfico como elemento de entrada Educación
Subdivisión general Metodología
9 (RLIN) 12791
905 ## - TIPO DE MATERIAL
Tipo de material Libro
Holdings
Estado de retiro Estado de pérdida Fuente del sistema de clasificación o colocación Estado dañado No para préstamo Código de colección Localización permanente Ubicación/localización actual Ubicación en estantería Fecha de adquisición Enumeración/cronología de publicación seriada Clasificación Código de barras Fecha visto por última vez Número de copia Tipo de ítem Koha Total de préstamos
    Library of Congress Classification   Disponible (Préstamo en sala) Colección Medina Bib. Gregorio Torres Quintero Bib. Gregorio Torres Quintero Colecciones especiales Planta alta 30/01/2023 correg. clas. posibl. en Medina LB1029 J6 A8.5 1959 101826 31/12/2020 1 Libro  
    Library of Congress Classification     Colección General Bib. Gregorio Torres Quintero Bib. Gregorio Torres Quintero Planta baja     LB1029 J6 A8.5 1959 891 31/12/2020 1 Libro 1